000 00317nam a2200121Ia 4500
008 241015s9999 xx 000 0 und d
041 _aeng
082 _a956.04 SCO
100 _aMichael Scott
245 _aTheshortesthistoryofIsraeland Palestine
260 _bPicador India
_aHaryana
_c2024
300 _a288;. P. 24 Cm
999 _c41923
_d41923